programmed learning aid for Basic programming language (Record no. 9917)
[ view plain ]
| 000 -LEADER | |
|---|---|
| fixed length control field | 00798nam a22002417a 4500 |
| 001 - CONTROL NUMBER | |
| control field | 9917 |
| 003 - CONTROL NUMBER IDENTIFIER | |
| rucl marc code | BD-RjUL |
| 005 - DATE AND TIME OF LATEST TRANSACTION | |
| control field | 20211208234850.0 |
| 008 - FIXED-LENGTH DATA ELEMENTS--GENERAL INFORMATION | |
| fixed length control field | 140122b1981 n ||||| |||| 00| 0 eng d |
| 020 ## - INTERNATIONAL STANDARD BOOK NUMBER | |
| International Standard Book Number | 0256021244 |
| 035 ## - SYSTEM CONTROL NUMBER | |
| System control number | (BD-RjUL)9963 |
| 040 ## - CATALOGING SOURCE | |
| Original cataloging agency | BD-RjUL |
| Language of cataloging | eng |
| Transcribing agency | BD-RjUL |
| Modifying agency | BD-RjUL |
| 041 ## - LANGUAGE CODE | |
| Language code of text/sound track or separate title | eng |
| 082 04 - DEWEY DECIMAL CLASSIFICATION NUMBER | |
| Classification number | 001.6424 |
| Author mark and year | BRP 1981 |
| 100 1# - MAIN ENTRY--PERSONAL NAME | |
| Personal name | Brady,Allan H |
| 9 (RLIN) | 30652 |
| 245 10 - TITLE STATEMENT | |
| Title | programmed learning aid for Basic programming language |
| Statement of responsibility, etc. | Allen H. Brady, James T. Richardson; coordinating editor, Roger H. Hermanson. |
| 260 ## - PUBLICATION, DISTRIBUTION, ETC. (IMPRINT) | |
| Place of publication, distribution, etc. | Homewood; |
| -- | Ill. : |
| Name of publisher, distributor, etc. | R.D. Irwin, |
| Date of publication, distribution, etc. | 1981 |
| 300 #2 - PHYSICAL DESCRIPTION | |
| Pagination | 93p.: |
| Size | 24 cm. |
| 504 ## - BIBLIOGRAPHY, ETC. NOTE | |
| Bibliography, etc | includes index |
| 650 #0 - SUBJECT ADDED ENTRY--TOPICAL TERM | |
| Topical term or geographic name as entry element | BASIC (Computer program language) -- Programmed instruction. |
| 9 (RLIN) | 30653 |
| 700 ## - ADDED ENTRY--PERSONAL NAME | |
| Personal name | Richardson,James T |
| 942 ## - ADDED ENTRY ELEMENTS (KOHA) | |
| Source of classification or shelving scheme | Dewey Decimal Classification |
| Koha item type | Books |
| Lost status | Source of classification or shelving scheme | Damaged status | Not for loan | Collection code | Permanent Location | Current Location | Shelving location | Date acquired | Source of acquisition | Cost, normal purchase price | Total Checkouts | Full call number | Date last seen | Copy number | Koha item type |
|---|---|---|---|---|---|---|---|---|---|---|---|---|---|---|---|
| Dewey Decimal Classification | Not For Loan | Non-fiction | Central Library, University of Rajshahi | Central Library, University of Rajshahi | Reading Room | 01/08/1985 | Asia foundation | 0.00 | 001.6424 BRP 1981 | 22/01/2014 | C-1 | Books |